00678nam a22002297a 4500003000400000005001700004008004100021020001500062020001800077040002000095082002000115100001900135245004400154250001200198260003600210300004200246504005000288650004100338650001600379650003200395650002100427OSt20131024020003.0110122s2010 xxu g 000 0 eng d10a013100846313a9780131008465 aIAVHbspacIAVH04a570.1bZ36b2211 aZar Jerrold H.10aBiostatistical analysiscJerrold H. Zar a5nd ed. aNew JerseybPrentice Hallc2010 axiii, 944 p.bil., gráficasc24 cm. aIncluye referencias bibliograficas e índice17aBiologíaxMétodos estadísticos17aBiometría17aEstadísticaxmatemática17aBiomatemáticas